000 00452nam a2200157 i 4500
001 85106
003 ES-MaACL
005 20230906175200.0
007 t|
008 041125s1972 sp ||||1| spa d
100 1 _aDios, José María de.
_944859
245 1 4 _aLas apariciones de Garabandal, ¿sin interés? /
_cJosé María de Dios.
260 _aZaragoza :
_bCírculo,
_c[1972]
300 _a442 p. ;
_c19 cm.
852 _aES-MaACL
_jC-44283
_bR.82990
999 _c85106
_d85106